000 03139nam a2200397 a 4500
005 20091210152840.0
008 090804s2009 nyu d 000 0 eng
010 _aB-370142-153
020 _a9780198064640
_c298.75
035 _aB-370142-153
037 _bImpulse
040 _adpl
_bEnglish
082 _a485
100 _aSeely, John
245 _aOxford A-Z of grammar and punctuation /
_cby John Seely
260 _aNew Delhi
_bOxford University Press
_c2010(repr.)
270 _aYMCA Library Building, Jai Singh Road,
_bNew Delhi
_e110001
300 _axvii, 148 p.
_c18 cm(Hb)
500 _aThis book is published in 4 vol. and set price is 1195.00
650 _aEnglish language
_xGrammar
_vDictionaries.
650 _aEnglish language
_xPunctuation
_vDictionaries.
942 _2ddc
_cCH
_h485
_mSEE
999 _c32464
_d32464